| 000 | 00382cam a22001337a 4500 | ||
|---|---|---|---|
| 008 | 180718b1979 xxu||||| |||| 00| 0 eng d | ||
| 082 | _aK95 Si64 | ||
| 100 | _aSingh, Jaideep | ||
| 245 |
_aThe humanistic view of man _cby Jaideep Singh |
||
| 260 |
_aNew Delhi _bIndian Institute of Public Administration _c1979 |
||
| 300 | _a184p. | ||
| 650 | _aPsychology | ||
| 650 | _aHuman Behaviour | ||
| 999 |
_c477475 _d477475 |
||